000 00515nam a2200217Ia 4500
003 0100
008 130227s9999 xx 000 0 und d
020 _a0631944400
040 _cARRUPELIB
050 _aLB880.T444
100 _aThompson, Keith
245 _aEducation and philosophy
245 _bA practical approach
260 _aOxford
260 _bBasil Blackwell
260 _C1972
300 _ax
300 _b 169p 19cm
440 _aBlackwell's practical guides for teachers
942 _2lcc
_03
999 _c652
_d652